<?xml version="1.0" encoding="UTF-8"?>
<collection xmlns="http://www.loc.gov/MARC21/slim">
<record>
  <controlfield tag="001">117350</controlfield>
  <controlfield tag="005">20230519145531.0</controlfield>
  <datafield tag="024" ind1="7" ind2=" ">
    <subfield code="2">doi</subfield>
    <subfield code="a">10.1016/j.aprim.2021.102225</subfield>
  </datafield>
  <datafield tag="024" ind1="8" ind2=" ">
    <subfield code="2">sideral</subfield>
    <subfield code="a">126997</subfield>
  </datafield>
  <datafield tag="037" ind1=" " ind2=" ">
    <subfield code="a">ART-2021-126997</subfield>
  </datafield>
  <datafield tag="041" ind1=" " ind2=" ">
    <subfield code="a">spa</subfield>
  </datafield>
  <datafield tag="100" ind1=" " ind2=" ">
    <subfield code="a">Palacio Lapuente J.</subfield>
  </datafield>
  <datafield tag="245" ind1=" " ind2=" ">
    <subfield code="a">Prevención de infecciones relacionadas con la asistencia sanitaria en atención primaria. Lecciones de la pandemia</subfield>
  </datafield>
  <datafield tag="260" ind1=" " ind2=" ">
    <subfield code="c">2021</subfield>
  </datafield>
  <datafield tag="506" ind1="0" ind2=" ">
    <subfield code="a">Access copy available to the general public</subfield>
    <subfield code="f">Unrestricted</subfield>
  </datafield>
  <datafield tag="520" ind1="3" ind2=" ">
    <subfield code="a">El sistema sanitario falló a la hora de garantizar la seguridad tanto de los profesionales como de las personas que acudieron a los centros al inicio de la pandemia. La falta de materiales y directrices para la prevención de infecciones provocó en España la peor catástrofe de la historia de la seguridad del paciente y de la salud laboral en el ámbito sanitario. Sucedió también en otros países, pero España tuvo las mayores tasas de sanitarios infectados del mundo. Fue una catástrofe, en buena parte, evitable. Revisamos qué medidas se han tomado para la prevención de infecciones en los centros de atención primaria, como la higiene de manos, las mascarillas y el material de protección personal o el mantenimiento de la distancia interpersonal, entre otras. Actualizamos las recomendaciones y planteamos las perspectivas en una situación que exige flexibilidad y capacidad de adaptación para mantener una atención de calidad y segura.</subfield>
  </datafield>
  <datafield tag="540" ind1=" " ind2=" ">
    <subfield code="9">info:eu-repo/semantics/openAccess</subfield>
    <subfield code="a">by-nc-nd</subfield>
    <subfield code="u">http://creativecommons.org/licenses/by-nc-nd/3.0/es/</subfield>
  </datafield>
  <datafield tag="590" ind1=" " ind2=" ">
    <subfield code="a">2.206</subfield>
    <subfield code="b">2021</subfield>
  </datafield>
  <datafield tag="591" ind1=" " ind2=" ">
    <subfield code="a">MEDICINE, GENERAL &amp; INTERNAL</subfield>
    <subfield code="b">110 / 172 = 0.64</subfield>
    <subfield code="c">2021</subfield>
    <subfield code="d">Q3</subfield>
    <subfield code="e">T2</subfield>
  </datafield>
  <datafield tag="591" ind1=" " ind2=" ">
    <subfield code="a">PRIMARY HEALTH CARE</subfield>
    <subfield code="b">14 / 18 = 0.778</subfield>
    <subfield code="c">2021</subfield>
    <subfield code="d">Q4</subfield>
    <subfield code="e">T3</subfield>
  </datafield>
  <datafield tag="592" ind1=" " ind2=" ">
    <subfield code="a">0.282</subfield>
    <subfield code="b">2021</subfield>
  </datafield>
  <datafield tag="593" ind1=" " ind2=" ">
    <subfield code="a">Medicine (miscellaneous)</subfield>
    <subfield code="c">2021</subfield>
    <subfield code="d">Q3</subfield>
  </datafield>
  <datafield tag="593" ind1=" " ind2=" ">
    <subfield code="a">Family Practice</subfield>
    <subfield code="c">2021</subfield>
    <subfield code="d">Q3</subfield>
  </datafield>
  <datafield tag="594" ind1=" " ind2=" ">
    <subfield code="a">1.9</subfield>
    <subfield code="b">2021</subfield>
  </datafield>
  <datafield tag="655" ind1=" " ind2="4">
    <subfield code="a">info:eu-repo/semantics/article</subfield>
    <subfield code="v">info:eu-repo/semantics/publishedVersion</subfield>
  </datafield>
  <datafield tag="700" ind1=" " ind2=" ">
    <subfield code="a">Martín Rodríguez M.D.</subfield>
  </datafield>
  <datafield tag="700" ind1=" " ind2=" ">
    <subfield code="a">Aibar Remón C.</subfield>
    <subfield code="u">Universidad de Zaragoza</subfield>
    <subfield code="0">(orcid)0000-0001-9714-8105</subfield>
  </datafield>
  <datafield tag="700" ind1=" " ind2=" ">
    <subfield code="a">Jurado Balbuena J.J.</subfield>
  </datafield>
  <datafield tag="700" ind1=" " ind2=" ">
    <subfield code="a">Torijano Casalengua M.L.</subfield>
  </datafield>
  <datafield tag="700" ind1=" " ind2=" ">
    <subfield code="a">Añel Rodríguez R.</subfield>
  </datafield>
  <datafield tag="710" ind1="2" ind2=" ">
    <subfield code="1">1011</subfield>
    <subfield code="2">615</subfield>
    <subfield code="a">Universidad de Zaragoza</subfield>
    <subfield code="b">Dpto. Microb.Ped.Radio.Sal.Pú.</subfield>
    <subfield code="c">Área Medic.Prevent.Salud Públ.</subfield>
  </datafield>
  <datafield tag="773" ind1=" " ind2=" ">
    <subfield code="g">53, Supl. 1 (2021), 102225 [9 pp]</subfield>
    <subfield code="p">Aten. prim.</subfield>
    <subfield code="t">Atencion Primaria</subfield>
    <subfield code="x">0212-6567</subfield>
  </datafield>
  <datafield tag="856" ind1="4" ind2=" ">
    <subfield code="s">3180023</subfield>
    <subfield code="u">http://zaguan.unizar.es/record/117350/files/texto_completo.pdf</subfield>
    <subfield code="y">Versión publicada</subfield>
  </datafield>
  <datafield tag="856" ind1="4" ind2=" ">
    <subfield code="s">1876487</subfield>
    <subfield code="u">http://zaguan.unizar.es/record/117350/files/texto_completo.jpg?subformat=icon</subfield>
    <subfield code="x">icon</subfield>
    <subfield code="y">Versión publicada</subfield>
  </datafield>
  <datafield tag="909" ind1="C" ind2="O">
    <subfield code="o">oai:zaguan.unizar.es:117350</subfield>
    <subfield code="p">articulos</subfield>
    <subfield code="p">driver</subfield>
  </datafield>
  <datafield tag="951" ind1=" " ind2=" ">
    <subfield code="a">2023-05-18-15:30:48</subfield>
  </datafield>
  <datafield tag="980" ind1=" " ind2=" ">
    <subfield code="a">ARTICLE</subfield>
  </datafield>
</record>
</collection>